MDQL
is popping MORE tags! Check the
thread
!
Quizzes
Events
Quiz Creation
Community
Videos
Private Events
Remove Ads
Sign In
Join for FREE
Feedback
Dark Mode
Quiz Categories
Sports
Geography
Music
Movies
Television
Just For Fun
Miscellaneous
History
Literature
Language
Science
Gaming
Entertainment
Religion
Holiday
For Kids
Quiz Lab
Recent
Popular Today
Quiz Kudos Today
Editor Picks
Curator Picks
Quizzes by...
Day
Popularity
Type
Ratings
Length
Year
Community
Subscriptions
Recent Discussions
Orange Saloon
Badges
Playlists
Quests
Create
Leaderboards
Showdown
Live 5
Trivia Bingo
Activity
Puzzle Library
Sporcle Events
Private Events
Virtual Trivia
Globe League
Become a Host
Pub Owners
SporcleCon
Opinionation
Our Games
Videos
Blog
Mobile Apps
Partnerships
Remove Ads and Go Orange
Feedback
Literature
Harry Potter
A Song of Ice and Fire
The Hunger Games
Literary Character
Shakespeare
Book
Author
Novel
Poem
Young Adult
Children's Books
Play
Lord of the Rings
Literature
Harry Potter
A Song of Ice and Fire
The Hunger Games
Literary Character
Shakespeare
Book
Author
Novel
Poem
Young Adult
Children's Books
Play
Lord of the Rings
Random Quiz
Search Sporcle
×
Quiz Lab
Quiz Lab
Literature
Sword
Type in answers that appear in a list
Type in answers that appear in a list
Classic
Best Score? Go Orange.
Sword of Truth Characters Stats
Can you name the Sword of Truth Characters?
By
Darth_Trekker
5m
20 Questions
978 Plays
978 Plays
978 Plays
Comments
Comments
Give Quiz Kudos
Give Quiz Kudos
-
- Ratings
hide this ad
Replay
Link that replays current quiz
Next Quiz
Link to next quiz in quiz playlist
You Got
0%
They Got
Avg Score
69%
Avg Friend Score
Upgrade to see
Score Distribution
Jump to the score distribution portion of the page
Score
0/20
Timer
05:00
0
Plays Today
Description
Character
% Correct
The Seeker of Truth
Richard Rahl
96.8%
Mord-
Sith Protector of Richard
Cara
89%
Dictator of D'Hara and Richard's father
Darken Rahl
89%
Mother Confessor
Kahlan Amnell
87.2%
Witch woman of Agaden Reach
Shota
86.7%
Boundary Warden
Chase
79.1%
Prophet
Nathan Rahl
76.9%
Prelate of Sisters of the Light/
Presumed dead later
Ann
76.4%
Sister of the Dark who turns to good
Nicci
76.2%
Dreamwalker/
Emperor of the Imperial Order
Jagang
75.5%
Description
Character
% Correct
Ruler of the Underworld
Keeper
73.7%
Brings Richard to Palace of Prophets
Verna
72.6%
Little girl who is very gifted
Rachel
69.7%
First Wizard
Zeddicus Zul Zorander
69.3%
Shota's companion
Samuel
68.9%
Dragon from first book
Scarlet
61.5%
General of D'Hara's armies/
Cara's love
Benjamin
49.2%
Evil witch woman who enslaves a dragon
Six
46.6%
Leader of the Sister's of the Dark
Ulicia
35.9%
Leader of the First File
General Trimmack
8.4%
Quiz Playlist
Details
Report
Send in Message
Add To Playlist
Classic:
Type in answers that appear in a list
Last Updated: Feb 16, 2017
Quiz Scoreboard
CHALLENGE
Sign Up to Join the Scoreboard
Show All
Scores
Hide
Comments
May contain spoilers
Recently Published
Image Sorting: Flags VI
by Barbecue
Geography
2m
Find the 'City' Movie
by crazypaving
Movies
60s
Colored Red Africa Blitz
by spor1
Geography
45s
More to Explore
Quiz From the Vault
Featured Blog Post
14 Easter Pick-up Lines to Find Eggs With
hide this ad
You Might Also Like...
Tags
Character
description
Sword
truth
Today's Top Quizzes in Literature
Browse Literature
hide this ad
Today's Top Quizzes in Sword
Browse Sword
Top Contributed Quizzes in Literature
1
Sneaky Slytherin Logic Puzzle
2
Harry Potter logic puzzle: The Hogwarts Soap Opera
3
Harry Potter Slytherin Logic Puzzle
4
Get The Picture: Black or White Literature
5
ASOIAF Siblings Logic Puzzle
6
'Middle' Earth
7
A Song of Ice and Fire Logic Puzzle
8
Harry Potter Logic Puzzle 1
9
Logic Puzzle: Avoid Dumbledore's Army
10
Mini Trivia Sudoku: A Song of Ice and Fire
Explore More
Trending Topics
Harry Potter
Anime
NBA
Disney
Kpop
Marvel
Crossword
Song
Country
Puzzle
Soccer
WWE
Pokémon
The Office
NFL
hide this ad
More By:
Darth_Trekker
Quiz
Plays
Rating
Category
Featured
Created
Star Trek TNG A-Z
2,341
3.38
Television
Apr 13, 2010
Sword of Truth Characters
978
3.43
Literature
Apr 1, 2010
Marvel Ultimate Alliance levels
228
3.50
Gaming
Apr 12, 2010
Go to Creator's Profile
Score Distribution
Quiz Creator Spotlight
Darth_Trekker
Follow
Send a Message
Quizzes Created
-
Created Quiz Play Count
-
More By This Creator
Popular Quizzes Today
1
Colored Red Africa Blitz
2
Find the US States - No Outlines Minefield
3
Find the 'City' Movie
4
5x2 Blitz: Bands
5
The Countries of the World
6
Find the US States
7
Find the Countries of Europe - No Outlines Minefield
8
US States
More Literature Quizzes
Profile: Houses of Hogwarts
Published
Trending Quizzes
Colored Red Europe Blitz I
Colored Red Europe Blitz II
Colored Red Africa Blitz II
Colored Red Europe Blitz III
Colored Red Africa Blitz III
Recently Updated
How Do You Spell That?
pecheneg
Godzilla Movies
pecheneg
Grab Bag: 4-10 Letters
pecheneg
2024 March Madness Bracket
pecheneg
Famous TV Couples
Peacemaker
Champions League XIs: Real Madrid
pecheneg
Largest US Cities 1790-2010
pecheneg
Rides in Walt Disney World
pecheneg
Most Oscar Losses (Acting)
pecheneg
Beyoncé Albums
pecheneg
Trending Topics
NBA
Anime
Harry Potter
Kpop
Marvel
Crossword
Disney
Pokémon
Puzzle
The Office
Country
NFL
Song
Soccer
WWE
Your Account Isn't Verified!
In order to create a playlist on Sporcle, you need to verify the email address you used during registration. Go to your
Sporcle Settings
to finish the process.
Report this User
Report this user for behavior that violates our
Community Guidelines
.
Details:
Send Report
Go to the Sporcle.com Mobile Site →
Comments